000
00190 a2200097 4500
001
6434
100
_a
Noon, F K
245
_a
Scented Dust
260
_a
_b
Noon, F K
_c
090
_c
5294
_d
5294
942
_a
NUST-CAE
_c
M
_c
31705
999
_c
241507
_d
241507